[Event "Madrid-ch Previa-B"]
[Site "Madrid"]
[Date "2022.03.12"]
[Round "5"]
[White "Sanchez Gonzalez, Samuel"]
[Black "Enriquez Pastor, Jorge"]
[Result "0-1"]
[WhiteElo "1458"]
[BlackElo "1435"]
[PlyCount "112"]
[EventDate "2022.03.03"]
[EventType "swiss"]
[EventRounds "9"]
[EventCountry "ESP"]
[SourceTitle "EXT 2023"]
[Source "ChessBase"]
[SourceDate "2022.10.05"]
[SourceVersion "1"]
[SourceVersionDate "2022.10.05"]
[SourceQuality "1"]

1. d4 d5 2. c4 Nf6 3. g3 c6 4. Bg2 e6 5. Nc3 Be7 6. Bg5 Nbd7 7. c5 e5 8. e3 exd4 9. exd4 0-0 10. Nf3 h6 11. Be3 Re8 12. 0-0 Nf8 13. Ne5 Bf5 14. b4 a6 15. Rc1 Qc8 16. a4 Bh3 17. b5 Bxg2 18. Kxg2 Bxc5 19. Nxd5 Nxd5 20. Rxc5 f6 21. bxc6 Nxe3+ 22. fxe3 b6 23. Qb3+ Qe6 24. Qxb6 fxe5 25. Rxe5 Qc8 26. Qb3+ Kh8 27. Rc5 Rb8 28. Qc3 Ne6 29. Rd5 Ng5 30. Rd7 Ne4 31. Qc4 Rb2+ 32. Kg1 Rf8 33. Rxf8+ Qxf8 34. Qf7 Qxf7 35. Rxf7 Rb8 36. c7 Rc8 37. Rd7 Kh7 38. d5 Nf6 39. Rd8 Rxc7 40. d6 Rd7 41. Rxd7 Nxd7 42. Kf2 Kg6 43. Kf3 Kf5 44. h4 Ke5 45. Kg4 Nf6+ 46. Kf3 Kxd6 47. Kf4 Ke6 48. e4 Nd7 49. g4 Nc5 50. a5 Nb7 51. g5 Nxa5 52. gxh6 gxh6 53. Kg4 Kf6 54. Kh5 Kg7 55. e5 Nc6 56. e6 a5 0-1

[Event "Madrid-ch Previa-B"]
[Site "Madrid"]
[Date "2022.03.04"]
[Round "2"]
[White "Sanchez Gonzalez, Samuel"]
[Black "Anton Ortiz, Carlos"]
[Result "1/2-1/2"]
[WhiteElo "1458"]
[BlackElo "1519"]
[PlyCount "106"]
[EventDate "2022.03.03"]
[EventType "swiss"]
[EventRounds "9"]
[EventCountry "ESP"]
[SourceTitle "EXT 2023"]
[Source "ChessBase"]
[SourceDate "2022.10.05"]
[SourceVersion "1"]
[SourceVersionDate "2022.10.05"]
[SourceQuality "1"]

1. d4 d5 2. c4 e6 3. g3 Nf6 4. Bg2 b6 5. Nc3 Bb7 6. Bg5 Be7 7. e3 0-0 8. Nge2 Nbd7 9. 0-0 c5 10. cxd5 Nxd5 11. Bxe7 Qxe7 12. e4 Nxc3 13. bxc3 cxd4 14. cxd4 Rfd8 15. Nf4 Nc5 16. d5 Rac8 17. Qg4 Rc7 18. Rfe1 e5 19. Nh3 Rd6 20. Rad1 Rcd7 21. f4 Rd8 22. Qf3 exf4 23. Nxf4 Nd7 24. Qa3 a6 25. Nd3 Ne5 26. Nxe5 Qxe5 27. Rc1 Re8 28. Qb4 a5 29. Qd2 h6 30. Qf4 Qd4+ 31. Kh1 Rf6 32. Qc7 Ba8 33. Qd7 Qe5 34. Rc8 Rxc8 35. Qxc8+ Kh7 36. Qxa8 Qc3 37. Rg1 Rf2 38. Qc6 Qd2 39. Qc1 Rxg2 40. Qxd2 Rxd2 41. Rb1 Rd4 42. Rxb6 Rxe4 43. d6 Rd4 44. Ra6 a4 45. Kg2 Rd2+ 46. Kf3 Rxa2 47. Ke3 Ra3+ 48. Kd4 Ra1 49. Kd5 a3 50. d7 a2 51. Kc6 Rc1+ 52. Kb7 Rd1 53. Kc7 Rc1+ 1/2-1/2

[Event "Madrid-ch Previa-B"]
[Site "Madrid"]
[Date "2022.03.03"]
[Round "1"]
[White "Marin Aso, Jose Luis"]
[Black "Sanchez Gonzalez, Samuel"]
[Result "1/2-1/2"]
[WhiteElo "1834"]
[BlackElo "1458"]
[PlyCount "68"]
[EventDate "2022.03.03"]
[EventType "swiss"]
[EventRounds "9"]
[EventCountry "ESP"]
[SourceTitle "EXT 2023"]
[Source "ChessBase"]
[SourceDate "2022.10.05"]
[SourceVersion "1"]
[SourceVersionDate "2022.10.05"]
[SourceQuality "1"]

1. e4 c6 2. d4 d5 3. e5 Bf5 4. h4 h5 5. Bd3 Bxd3 6. Qxd3 e6 7. Bg5 Be7 8. Nf3 Nh6 9. c4 dxc4 10. Qxc4 Nf5 11. Nc3 Nd7 12. Rd1 Nb6 13. Qb3 Qc7 14. g3 Rd8 15. Ne4 0-0 16. 0-0 Rd5 17. Rd2 Rb5 18. Qc2 Rd8 19. Rfd1 Rb4 20. b3 a5 21. Bxe7 Qxe7 22. Nfg5 g6 23. Nf6+ Kg7 24. Nf3 a4 25. bxa4 Ra8 26. Qc1 Rbxa4 27. Rb2 Nd5 28. Qg5 Kh8 29. Nxd5 cxd5 30. Qxe7 Nxe7 31. Rxb7 R4a7 32. Rdb1 Kg7 33. Ng5 Kf8 34. R1b2 Kg7 1/2-1/2